[Event "29.Schlosspark-Open"]
[Site "Wiesbaden-Biebrich"]
[Date "2017.08.27"]
[Round "6.54"]
[White "Reitz, Theresa"]
[Black "Schmidt, Volker"]
[Result "0-1"]
[WhiteElo "1719"]
[BlackElo "1917"]
[PlyCount "118"]
[EventDate "2017.??.??"]
[WhiteTeam "VfR-SC Koblenz"]
[BlackTeam "TuS Dotzheim"]

1. e4 c5 2. Nc3 Nc6 3. Bb5 Nd4 4. Bc4 e6 5. Nge2 a6 6. d3 g6 7. O-O Bg7 8. f4
b5 9. Bb3 Nxb3 10. axb3 Ne7 11. Nxb5 Qb6 12. c4 Rb8 13. Nbc3 Qxb3 14. Qe1 O-O
15. Qh4 Re8 16. Rf3 f5 17. g4 h6 18. Be3 d6 19. e5 Qb7 20. Qg3 Qc6 21. Na4 Bb7
22. Kf2 Qxf3+ 23. Qxf3 Bxf3 24. Kxf3 fxg4+ 25. Kxg4 Nf5 26. Kf3 Nxe3 27. Kxe3
dxe5 28. Nxc5 Ra8 29. Rxa6 Rxa6 30. Nxa6 exf4+ 31. Nxf4 g5 32. Ne2 Bxb2 33. Ke4
Rc8 34. Nb4 Kf7 35. Nc2 Kf6 36. Ncd4 Bxd4 37. Nxd4 g4 38. Ne2 e5 39. Ng3 Rc5
40. Ke3 Ra5 41. Ne4+ Ke6 42. Kf2 Ra2+ 43. Kg3 h5 44. h3 gxh3 45. Kxh3 Kf5 46.
Ng3+ Kg5 47. Ne4+ Kf4 48. Ng3 h4 49. Ne4 Re2 50. c5 Re3+ 51. Kxh4 Rxd3 52. Ng5
Rc3 53. Nh3+ Kf5 54. Ng1 Rxc5 55. Kg3 Ke4 56. Kf2 Kd3 57. Nf3 e4 58. Ne1+ Kd2
59. Ng2 Rf5+ 0-1

[Event "29.Schlosspark-Open"]
[Site "Wiesbaden-Biebrich"]
[Date "2017.08.27"]
[Round "6.55"]
[White "Rowland, Anthony"]
[Black "Köllner, Felicitas Ophelia"]
[Result "1/2-1/2"]
[WhiteElo "1904"]
[BlackElo "1740"]
[PlyCount "83"]
[EventDate "2017.??.??"]
[WhiteTeam "SC Taunusstein"]
[BlackTeam "SV Bergneustadt/Derschlag"]

1. c4 e5 2. Nc3 Bc5 3. e3 Nc6 4. g3 a6 5. Bg2 d6 6. Nge2 Nf6 7. O-O O-O 8. h3
Bf5 9. d4 Ba7 10. d5 Ne7 11. e4 Bd7 12. Bg5 Ng6 13. Qd2 h6 14. Be3 Bxe3 15.
Qxe3 Nh7 16. f4 exf4 17. gxf4 Qh4 18. Kh2 Rae8 19. Nd4 Nf6 20. Kg1 Nh5 21. Nce2
f5 22. Nf3 Qf6 23. e5 dxe5 24. fxe5 Nxe5 25. Nxe5 Qxe5 26. Qxe5 Rxe5 27. Bf3 f4
28. Bxh5 Rxh5 29. Nxf4 Rhf5 30. Nd3 Rxf1+ 31. Rxf1 Rxf1+ 32. Kxf1 Bxh3+ 33. Kf2
b6 34. b4 Kf8 35. c5 Bf5 36. Ke3 Bxd3 37. Kxd3 bxc5 38. bxc5 Ke7 39. Ke4 a5 40.
Kf5 g5 41. a4 c6 42. d6+ 1/2-1/2

[Event "29.Schlosspark-Open"]
[Site "Wiesbaden-Biebrich"]
[Date "2017.08.27"]
[Round "6.56"]
[White "Geltz, Noah"]
[Black "Fröhlich-Dill, Astrid"]
[Result "0-1"]
[WhiteElo "1737"]
[BlackElo "1891"]
[PlyCount "114"]
[EventDate "2017.??.??"]
[WhiteTeam "SF HN-Biberach"]
[BlackTeam "SV Hofheim"]

1. d4 Nf6 2. c4 e6 3. Nc3 d5 4. cxd5 exd5 5. Bg5 Be7 6. Nf3 h6 7. Bh4 Bf5 8. e3
c6 9. Qb3 Qb6 10. Be2 Nbd7 11. Qxb6 axb6 12. O-O O-O 13. Ne5 Bb4 14. Nxd7 Nxd7
15. Rfc1 b5 16. a3 Bd6 17. f3 Rfe8 18. Bf2 Nb6 19. g4 Bh7 20. Nd1 b4 21. axb4
Bxb4 22. Kf1 Bd2 23. b3 Bxc1 24. Rxc1 Ra3 25. Rc3 Ra1 26. Kg2 f5 27. h3 f4 28.
Bg1 Ra2 29. Kf1 g5 30. Bd3 Ra1 31. Bxh7+ Kxh7 32. Rd3 fxe3 33. Bxe3 Rxd1+ 34.
Rxd1 Rxe3 35. Kf2 Rxb3 36. Re1 Nc8 37. Re8 Nd6 38. Re7+ Kg8 39. Re6 Nf7 40.
Re8+ Kg7 41. Kg3 Rb4 42. Re7 Kf6 43. Rc7 Ke6 44. h4 gxh4+ 45. Kxh4 Ng5 46. f4
Nf3+ 47. Kh5 Nxd4 48. Kxh6 Rb1 49. Kg5 b5 50. f5+ Kd6 51. Rh7 Rf1 52. Kg6 b4
53. f6 b3 54. Rb7 Nb5 55. g5 b2 56. Kf7 b1=Q 57. Re7 Qh7+ 0-1

[Event "29.Schlosspark-Open"]
[Site "Wiesbaden-Biebrich"]
[Date "2017.08.27"]
[Round "6.57"]
[White "Kuckel, Michael"]
[Black "Eg, Karlheinz"]
[Result "0-1"]
[WhiteElo "1728"]
[BlackElo "1847"]
[PlyCount "78"]
[EventDate "2017.??.??"]
[WhiteTeam "SC Matt im Park"]
[BlackTeam "SV Rüsselsheim"]

1. d4 Nf6 2. Nf3 g6 3. Bg5 Bg7 4. Nbd2 d5 5. c3 O-O 6. e3 Nbd7 7. Bd3 c5 8. b4
b6 9. O-O Bb7 10. Rb1 Ne4 11. Bxe4 dxe4 12. Ne1 cxd4 13. cxd4 Rc8 14. f4 Nf6
15. Bxf6 Bxf6 16. Rc1 Qd6 17. Nc2 Rc3 18. Nb1 Rc7 19. Nba3 Qd5 20. Ra1 Rfc8 21.
Qe2 Qd7 22. b5 Rc3 23. Rac1 e6 24. Nb1 R3c7 25. a4 Be7 26. Qd2 Rc4 27. Na1 Bb4
28. Qb2 Qc7 29. Nb3 Rc2 30. Rxc2 Qxc2 31. Rf2 Qd1+ 32. Rf1 Qd3 33. N3d2 Qxe3+
34. Kh1 Ba5 35. Rc1 Rxc1+ 36. Qxc1 Qxd4 37. Nc4 Bb4 38. Ne3 Bc5 39. Nc2 Qf2 0-1

[Event "29.Schlosspark-Open"]
[Site "Wiesbaden-Biebrich"]
[Date "2017.08.27"]
[Round "6.58"]
[White "Boder, Jan"]
[Black "Lohrmann, Tabea"]
[Result "1-0"]
[WhiteElo "1808"]
[BlackElo "1703"]
[PlyCount "61"]
[EventDate "2017.??.??"]
[WhiteTeam "SG Mörsdorf-Lahr"]
[BlackTeam "SC Waldkirch"]

1. c4 c5 2. g3 Nf6 3. Bg2 d5 4. cxd5 Nxd5 5. Nc3 Nc7 6. d3 e5 7. Nf3 Nc6 8. O-O
Be7 9. Bd2 Be6 10. Qa4 O-O 11. Rfc1 Qd7 12. Ne4 b6 13. b4 b5 14. Qc2 c4 15. Nc5
Bxc5 16. bxc5 Rad8 17. dxc4 Bxc4 18. Bc3 f6 19. Rd1 Qe6 20. e3 Na6 21. Nd2 Rc8
22. Nxc4 Ne7 23. Nd2 Nxc5 24. Bb4 Na6 25. Qb2 Nxb4 26. Qxb4 Rc2 27. Qb3 Qxb3
28. axb3 Rc7 29. Ne4 Nc6 30. Rac1 Rfc8 31. Nd6 1-0

[Event "29.Schlosspark-Open"]
[Site "Wiesbaden-Biebrich"]
[Date "2017.08.27"]
[Round "6.59"]
[White "Knödler, Marcel"]
[Black "Schöber, Sebastian"]
[Result "0-1"]
[WhiteElo "1581"]
[BlackElo "1808"]
[PlyCount "91"]
[EventDate "2017.??.??"]
[WhiteTeam "FC Bierstadt"]
[BlackTeam "Wiesbadener SV"]

1. c4 c5 2. g3 Nc6 3. Bg2 d6 4. Nc3 g6 5. e3 Bg7 6. b3 e5 7. Nge2 Nge7 8. O-O
O-O 9. Bb2 Bf5 10. e4 Be6 11. d3 Qd7 12. a3 Bh3 13. f3 Bxg2 14. Kxg2 f5 15. Qd2
h5 16. h3 Kh7 17. Rh1 Bh6 18. Qc2 fxe4 19. fxe4 Be3 20. Raf1 Nd4 21. Nxd4 exd4
22. Nd1 Bh6 23. Bc1 Nc6 24. Bxh6 Kxh6 25. Qd2+ Kg7 26. Rf4 Qe7 27. Rhf1 Ne5 28.
Qe2 Qg5 29. h4 Qe7 30. Qd2 Rxf4 31. gxf4 Ng4 32. Kg3 Rf8 33. Rf3 Qe6 34. f5
Qe5+ 35. Kh3 Rf6 36. Qg2 gxf5 37. exf5 Rxf5 38. Rg3 Rf7 39. Nf2 Kh7 40. Nxg4
Qf5 41. Qe4 Qxe4 42. dxe4 hxg4+ 43. Rxg4 Rf3+ 44. Rg3 Rxg3+ 45. Kxg3 a5 46. Kf3
0-1

[Event "29.Schlosspark-Open"]
[Site "Wiesbaden-Biebrich"]
[Date "2017.08.27"]
[Round "6.60"]
[White "Triantafillidis, Simeon"]
[Black "Niedenthal, Robert"]
[Result "1-0"]
[WhiteElo "1801"]
[BlackElo "1707"]
[PlyCount "95"]
[EventDate "2017.??.??"]
[WhiteTeam "SF HN-Biberach"]
[BlackTeam "SV Hofheim"]

1. e4 d5 2. exd5 Nf6 3. c4 c6 4. d4 cxd5 5. Nc3 e6 6. Bg5 Be7 7. Nf3 O-O 8. Be2
b6 9. Ne5 Bb7 10. Bf3 Ne4 11. Bxe7 Qxe7 12. cxd5 exd5 13. O-O f6 14. Ng4 Na6
15. Re1 f5 16. Ne3 Nc7 17. Qb3 Nd2 18. Bxd5+ Nxd5 19. Ncxd5 Nxb3 20. Nxe7+ Kf7
21. axb3 Kxe7 22. Nxf5+ Kf6 23. Nd6 Bd5 24. b4 Rfd8 25. Ne4+ Kf7 26. h4 h6 27.
Nc3 Bc4 28. Re4 a6 29. f3 Ra7 30. Kf2 Bd3 31. Rf4+ Kg6 32. Na4 Rb7 33. Re1 Rd6
34. Nc3 Rbd7 35. Rd1 Bc4 36. g4 Kh7 37. Ke3 Re6+ 38. Re4 Rf6 39. f4 Be6 40. f5
Bb3 41. Rd2 Rff7 42. d5 b5 43. Re6 Rf6 44. Ke4 Rc7 45. Ke5 Rd7 46. Ne4 Rxe6+
47. fxe6 Re7 48. Nc5 1-0

[Event "29.Schlosspark-Open"]
[Site "Wiesbaden-Biebrich"]
[Date "2017.08.27"]
[Round "6.61"]
[White "Triantafillidis, Dimitrios"]
[Black "Meding, Olaf"]
[Result "0-1"]
[WhiteElo "1624"]
[BlackElo "1799"]
[PlyCount "60"]
[EventDate "2017.??.??"]
[WhiteTeam "SF HN-Biberach"]
[BlackTeam "SF Mainz"]

1. e4 e6 2. b3 Nf6 3. e5 Nd5 4. Qg4 Nc6 5. Bb2 b6 6. Nf3 Bb7 7. Be2 f5 8. exf6
Nxf6 9. Qh3 Qe7 10. Nc3 O-O-O 11. O-O-O Kb8 12. Rhe1 Rg8 13. Bf1 g5 14. Ne5
Nxe5 15. Rxe5 Qf7 16. Rde1 Bd6 17. R5e2 Rdf8 18. Nb5 Bf4 19. Bxf6 Qxf6 20. Qc3
Qxc3 21. Nxc3 Bxh2 22. Ne4 Bxe4 23. Rxe4 Rxf2 24. Ba6 Rgf8 25. Rd4 Bd6 26. a4
Rxg2 27. a5 Rf4 28. Rd5 Rfg4 29. Kb2 h5 30. Rf1 exd5 0-1

[Event "29.Schlosspark-Open"]
[Site "Wiesbaden-Biebrich"]
[Date "2017.08.27"]
[Round "6.62"]
[White "Houtsma, Sybrand"]
[Black "Kunisch, Nina"]
[Result "1-0"]
[WhiteElo "1798"]
[BlackElo "1601"]
[PlyCount "107"]
[EventDate "2017.??.??"]
[WhiteTeam "SC Assen"]
[BlackTeam "TV-Großostheim"]

1. Nc3 g6 2. Nf3 Bg7 3. e4 c5 4. d4 cxd4 5. Nxd4 Nc6 6. Be3 Nf6 7. f3 O-O 8.
Qd2 d5 9. exd5 Nxd5 10. Nxd5 Qxd5 11. Nxc6 Qxc6 12. O-O-O Be6 13. Kb1 a5 14.
Bh6 Bxh6 15. Qxh6 Rfd8 16. Bd3 Qd5 17. c4 Qc5 18. Qc1 Rdc8 19. Rhe1 b6 20. Qc3
Ra7 21. Re5 Qc6 22. Rde1 Rcc7 23. R1e2 Qd6 24. Re1 Qc6 25. Qc2 Bxc4 26. Bxc4
Qxc4 27. Qxc4 Rxc4 28. Rxe7 Rxe7 29. Rxe7 Rc6 30. Re2 Rc7 31. Rc2 Rb7 32. a4
Kf8 33. Re2 Rc7 34. Ka2 Rc4 35. b3 Rd4 36. Kb2 Kg7 37. Kc3 Rd5 38. Re4 Rd6 39.
f4 h5 40. Kc4 Rd2 41. Kb5 Rxg2 42. Kxb6 Rxh2 43. Kxa5 h4 44. b4 h3 45. Re3 Rf2
46. Rxh3 Rxf4 47. b5 Kf6 48. b6 Rf5+ 49. Ka6 Rf4 50. a5 Rb4 51. Ka7 Rb5 52. Ra3
Ke6 53. b7 Kd7 54. b8=Q 1-0

[Event "29.Schlosspark-Open"]
[Site "Wiesbaden-Biebrich"]
[Date "2017.08.27"]
[Round "6.63"]
[White "Armbrust, Matthias"]
[Black "Lehmann, Wolfgang"]
[Result "1-0"]
[WhiteElo "1796"]
[BlackElo "1603"]
[PlyCount "73"]
[EventDate "2017.??.??"]
[WhiteTeam "SF Lindlar"]
[BlackTeam "Wiesbadener SV"]

1. e4 c6 2. d4 d5 3. e5 Bf5 4. g4 Bg6 5. h4 h6 6. h5 Bh7 7. e6 fxe6 8. Bd3 Bxd3
9. Qxd3 Nf6 10. Qg6+ Kd7 11. Nf3 Kc8 12. Ne5 Rg8 13. Qf7 Qd6 14. c3 Nbd7 15.
Bf4 c5 16. Nd2 c4 17. Bg3 a6 18. Nexc4 Qc6 19. Ne5 Qb6 20. Rb1 a5 21. Ndf3 a4
22. Nh4 Nxe5 23. dxe5 Ne4 24. Qxg8 Kd7 25. Qf7 Nxg3 26. fxg3 Qe3+ 27. Kf1 Qd3+
28. Kg2 a3 29. Qf2 Rc8 30. Rhd1 Qe4+ 31. Kh3 Rc4 32. Qf3 Qxe5 33. Ng6 Qc7 34.
Nxf8+ Kd6 35. Rd4 Rxd4 36. cxd4 Qc2 37. Qxa3+ 1-0

[Event "29.Schlosspark-Open"]
[Site "Wiesbaden-Biebrich"]
[Date "2017.08.27"]
[Round "6.64"]
[White "Hinz, André"]
[Black "Wachsmann, Elmar"]
[Result "1/2-1/2"]
[WhiteElo "1696"]
[BlackElo "1604"]
[PlyCount "93"]
[EventDate "2017.??.??"]
[WhiteTeam "SC Brett vorm Kopp"]
[BlackTeam "SC Groß-Umstadt"]

1. c4 Nf6 2. g3 c6 3. Bg2 d5 4. Nf3 Bf5 5. O-O e6 6. cxd5 cxd5 7. d3 h6 8. Bf4
Be7 9. Qb3 Qc8 10. Nc3 a6 11. Rfc1 Nc6 12. Ne5 O-O 13. Na4 Ra7 14. Be3 d4 15.
Nxc6 bxc6 16. Rxc6 Qd7 17. Bd2 e5 18. Qc2 Qd8 19. Nc5 Nd7 20. Nb3 Nb8 21. Ba5
Qe8 22. Rc7 Rxc7 23. Qxc7 Bf6 24. Rc1 Qa4 25. Qb7 Qxa2 26. Bc7 Nd7 27. Bd6 Rd8
28. Ba3 Rb8 29. Rc8+ Rxc8 30. Qxc8+ Kh7 31. Qc2 Be6 32. Be4+ g6 33. Nd2 Bg5 34.
Nf3 Bf6 35. h4 Qa1+ 36. Kh2 Qf1 37. e3 Bg7 38. Ng1 Nf6 39. Bf3 h5 40. Qe2 Qxe2
41. Nxe2 Ng4+ 42. Bxg4 Bxg4 43. Ng1 e4 44. dxe4 dxe3 45. fxe3 Be5 46. Kg2 Kg7
47. Nh3 1/2-1/2

[Event "29.Schlosspark-Open"]
[Site "Wiesbaden-Biebrich"]
[Date "2017.08.27"]
[Round "6.65"]
[White "Denninger, David"]
[Black "Ehmann, Johanna"]
[Result "1-0"]
[WhiteElo "1585"]
[BlackElo "1767"]
[PlyCount "75"]
[EventDate "2017.??.??"]
[WhiteTeam "SC JÃ„KLECHEMIE"]
[BlackTeam "SF Sasbach"]

1. e4 e5 2. Nf3 Nc6 3. Bc4 Bc5 4. b4 Bb6 5. b5 Nd4 6. Nxd4 Bxd4 7. c3 Bb6 8.
O-O Nf6 9. d4 O-O 10. Bg5 Qe7 11. Kh1 h6 12. Bh4 exd4 13. cxd4 Qxe4 14. Bxf6
gxf6 15. Bd3 Qxd4 16. f4 f5 17. Na3 d5 18. Nc2 Qf6 19. Rf3 Kh8 20. Rh3 Rg8 21.
Qf3 Be6 22. Re1 Rg6 23. Re5 Rag8 24. g3 c6 25. bxc6 bxc6 26. Rh5 Bc7 27. Rexf5
Bxf5 28. Rxf5 Qg7 29. Qh5 Rf6 30. Rg5 Qf8 31. Nd4 Rxg5 32. fxg5 Rd6 33. Nf5 Re6
34. Nxh6 Kg7 35. Nf5+ Kg8 36. Ne7+ Qxe7 37. Qh7+ Kf8 38. Qh8# 1-0

[Event "29.Schlosspark-Open"]
[Site "Wiesbaden-Biebrich"]
[Date "2017.08.27"]
[Round "6.66"]
[White "Siegismund, Florian"]
[Black "Werner, Tom"]
[Result "1-0"]
[WhiteElo "1784"]
[BlackElo "1516"]
[PlyCount "47"]
[EventDate "2017.??.??"]
[WhiteTeam "SK Bad Schwalbach"]
[BlackTeam "VSG Offenbach"]

1. d4 d5 2. c4 e6 3. cxd5 exd5 4. Nc3 Nf6 5. Bg5 Be7 6. e3 Bf5 7. Bxf6 Bxf6 8.
Qb3 Bc8 9. Nxd5 c6 10. Nxf6+ Qxf6 11. Nf3 O-O 12. Bd3 b6 13. O-O Be6 14. Qc2
Kh8 15. Ne5 Bd7 16. Be4 Qd6 17. Rac1 a5 18. Nxd7 Nxd7 19. Qxc6 Qxc6 20. Rxc6 g6
21. Rfc1 Rab8 22. Rd6 f5 23. Rxd7 fxe4 24. Rcc7 1-0

[Event "29.Schlosspark-Open"]
[Site "Wiesbaden-Biebrich"]
[Date "2017.08.27"]
[Round "6.67"]
[White "Donecker, Stefan"]
[Black "von Beckh, Frieda"]
[Result "1/2-1/2"]
[WhiteElo "1781"]
[BlackElo "1248"]
[PlyCount "40"]
[EventDate "2017.??.??"]
[WhiteTeam "TuS Dotzheim"]
[BlackTeam "SC Eschborn"]

1. d4 d5 2. Bg5 Nc6 3. Nf3 h6 4. Bh4 Bf5 5. c3 Qd7 6. e3 e6 7. Bb5 f6 8. Bg3
O-O-O 9. Qa4 Nge7 10. Na3 Be4 11. Qd1 Nf5 12. Nc2 Nxg3 13. hxg3 Bd6 14. a3 e5
15. Nb4 Bxb4 16. axb4 a6 17. Ba4 Bxf3 18. gxf3 exd4 19. exd4 Rhe8+ 20. Kf1 Qe6
1/2-1/2

[Event "29.Schlosspark-Open"]
[Site "Wiesbaden-Biebrich"]
[Date "2017.08.27"]
[Round "6.68"]
[White "Zeyen, Helmut"]
[Black "Herrmann, Gerhard"]
[Result "1-0"]
[WhiteElo "1781"]
[BlackElo "1293"]
[PlyCount "37"]
[EventDate "2017.??.??"]
[WhiteTeam "Wiesbadener SV"]
[BlackTeam "SC Königsspringer Alzenau"]

1. e4 d5 2. exd5 Nf6 3. Bb5+ c6 4. dxc6 Nxc6 5. Bxc6+ bxc6 6. Qf3 Bb7 7. Nc3 e6
8. d3 h6 9. Be3 Bb4 10. Nge2 O-O 11. O-O Qc7 12. Ne4 Nxe4 13. dxe4 Bd6 14. Bf4
e5 15. Bd2 c5 16. Ng3 c4 17. Nf5 Bc5 18. Bxh6 gxh6 19. Qg4+ 1-0

[Event "29.Schlosspark-Open"]
[Site "Wiesbaden-Biebrich"]
[Date "2017.08.27"]
[Round "6.69"]
[White "Hamwi, Mustafa"]
[Black "Meyer, Marcel"]
[Result "1-0"]
[WhiteElo "1219"]
[BlackElo "1748"]
[PlyCount "39"]
[EventDate "2017.??.??"]
[WhiteTeam "SV Rüsselsheim"]
[BlackTeam "SC Herborn"]

1. d4 Nf6 2. c4 e6 3. Nc3 Bb4 4. Bd2 b6 5. e3 Bb7 6. Nf3 d5 7. Ne5 Nbd7 8. Qa4
Be7 9. c5 bxc5 10. Bb5 cxd4 11. exd4 Bd6 12. Bg5 c6 13. Bxc6 Bxc6 14. Qxc6 Bxe5
15. dxe5 h6 16. exf6 hxg5 17. fxg7 Rg8 18. O-O Rc8 19. Qa6 Qc7 20. Nb5 1-0

[Event "29.Schlosspark-Open"]
[Site "Wiesbaden-Biebrich"]
[Date "2017.08.27"]
[Round "6.71"]
[White "Bartsch, Marius"]
[Black "Deppe, Leo Max"]
[Result "1-0"]
[WhiteElo "1608"]
[BlackElo "1846"]
[PlyCount "87"]
[EventDate "2017.??.??"]
[WhiteTeam "Wiesbadener SV"]
[BlackTeam "SC Bad Soden"]

1. e4 d5 2. exd5 Nf6 3. d4 Bg4 4. Bb5+ c6 5. dxc6 Bxd1 6. c7+ Nc6 7. cxd8=Q+
Rxd8 8. Kxd1 Rxd4+ 9. Ke2 e6 10. Nf3 Re4+ 11. Be3 Be7 12. Nbd2 Rb4 13. Bxc6+
bxc6 14. b3 a6 15. Nd4 Kd7 16. Nc4 c5 17. Ne5+ Kc7 18. Ndc6 Re4 19. f3 Rxe3+
20. Kxe3 Nd5+ 21. Kf2 Bf6 22. c4 Ne7 23. Nxf7 Nxc6 24. Nxh8 Kd7 25. Rad1+ Nd4
26. Rhe1 Ke7 27. f4 g6 28. Nxg6+ hxg6 29. g4 Bh4+ 30. Kf1 Bxe1 31. Rxe1 Nc6 32.
Re2 Nd4 33. Kf2 Kf6 34. Rd2 e5 35. fxe5+ Kxe5 36. h3 g5 37. Ke3 a5 38. Rf2 Ne6
39. Rf5+ Kd6 40. Rf6 Ke7 41. Rf5 Kd6 42. Rd5+ Ke7 43. Re5 Kd6 44. Rxe6+ 1-0

[Event "29.Schlosspark-Open"]
[Site "Wiesbaden-Biebrich"]
[Date "2017.08.27"]
[Round "6.72"]
[White "Weiland, Thomas"]
[Black "Wehr, Jan"]
[Result "1-0"]
[WhiteElo "1844"]
[BlackElo "1662"]
[PlyCount "45"]
[EventDate "2017.??.??"]
[WhiteTeam "SV Oberursel"]
[BlackTeam "Krefelder SK Turm"]

1. d4 Nf6 2. c4 e5 3. dxe5 Ng4 4. Nf3 Bc5 5. e3 Nc6 6. Be2 Qe7 7. O-O Ngxe5 8.
Nc3 O-O 9. Nd5 Nxf3+ 10. Bxf3 Qe5 11. a3 a5 12. Bd2 b6 13. Bc3 Qg5 14. Nxc7 Rb8
15. Qd5 Qh6 16. Nb5 Rd8 17. Rfd1 Bb7 18. Qh5 Qe6 19. Bd5 Qe7 20. Rd3 Qf8 21.
Rad1 Ne7 22. Bxb7 Rxb7 23. b4 1-0

[Event "29.Schlosspark-Open"]
[Site "Wiesbaden-Biebrich"]
[Date "2017.08.27"]
[Round "6.73"]
[White "Krischak, Werner"]
[Black "Brauch, Manfred"]
[Result "1/2-1/2"]
[WhiteElo "1761"]
[BlackElo "1626"]
[PlyCount "87"]
[EventDate "2017.??.??"]
[WhiteTeam "SK Marburg"]
[BlackTeam "Barmbeker SK"]

1. d4 f5 2. c4 Nf6 3. Nc3 g6 4. g3 Bg7 5. Bg2 O-O 6. Nf3 d6 7. O-O e6 8. Qc2 c6
9. b3 Nbd7 10. Ba3 Ne8 11. Rad1 Qc7 12. Ng5 Ndf6 13. d5 e5 14. c5 h6 15. cxd6
Qa5 16. d7 Bxd7 17. Bxf8 Bxf8 18. dxc6 Bxc6 19. Bxc6 bxc6 20. Nf3 e4 21. Nh4
Kf7 22. e3 g5 23. Ng2 Bg7 24. Na4 Qb5 25. Rc1 Rc8 26. Qc4+ Qd5 27. Rfd1 Qxc4
28. Rxc4 Bf8 29. Rdc1 Nd5 30. Rxc6 Rxc6 31. Rxc6 Nb4 32. Rc1 Nxa2 33. Ra1 Nb4
34. Nb2 a6 35. Nc4 Ke6 36. Kf1 Nd6 37. Ke2 Nb5 38. Kd2 Bg7 39. Rc1 Nd3 40. Rc2
Nb4 41. Rc1 Nd3 42. Rf1 Kd5 43. Ne1 Bc3+ 44. Kd1 1/2-1/2

[Event "29.Schlosspark-Open"]
[Site "Wiesbaden-Biebrich"]
[Date "2017.08.27"]
[Round "6.74"]
[White "Schneider, Lutz"]
[Black "Roth, Michael"]
[Result "1-0"]
[WhiteElo "1737"]
[BlackElo "1532"]
[PlyCount "33"]
[EventDate "2017.??.??"]
[WhiteTeam "Sfr. Wiesbaden"]
[BlackTeam "SC Lerchenberg/ZMO"]

1. e4 e5 2. Nc3 Bc5 3. Bc4 c6 4. Nge2 f5 5. Bxg8 Rxg8 6. exf5 d5 7. Ng3 Qf6 8.
Na4 Bd6 9. Qh5+ Kd8 10. d3 h6 11. Bd2 Bd7 12. O-O-O c5 13. Nc3 Bc6 14. Rhe1 Nd7
15. Qg4 Kc7 16. Nh5 Qf7 17. Qh3 1-0

[Event "29.Schlosspark-Open"]
[Site "Wiesbaden-Biebrich"]
[Date "2017.08.27"]
[Round "6.75"]
[White "Stork, Christopher"]
[Black "Maleski, Heinz"]
[Result "1-0"]
[WhiteElo "1569"]
[BlackElo "1708"]
[PlyCount "49"]
[EventDate "2017.??.??"]
[WhiteTeam "SV Oberursel"]
[BlackTeam "SV Mainz-Mombach"]

1. e4 c5 2. Nf3 Nc6 3. d4 cxd4 4. Nxd4 d6 5. Nc3 g6 6. Be3 Bg7 7. Bc4 Nf6 8. f3
O-O 9. Qd2 a6 10. O-O-O Nxd4 11. Bxd4 b5 12. Bb3 Be6 13. Kb1 Bxb3 14. axb3 Qc7
15. Bxf6 Bxf6 16. Nd5 Qc5 17. Nxf6+ exf6 18. Qxd6 Qf2 19. Qxf6 Rfc8 20. c3 Qxg2
21. h4 Re8 22. h5 Re6 23. Rd8+ Rxd8 24. Qxd8+ Kg7 25. h6# 1-0

[Event "29.Schlosspark-Open"]
[Site "Wiesbaden-Biebrich"]
[Date "2017.08.27"]
[Round "6.76"]
[White "Schomann, Michael"]
[Black "Sitta, Stefan"]
[Result "1-0"]
[WhiteElo "1705"]
[BlackElo "1314"]
[PlyCount "67"]
[EventDate "2017.??.??"]
[WhiteTeam "TSV Kücknitz"]
[BlackTeam "Sfr. Wiesbaden"]

1. d4 f5 2. c4 Nf6 3. Nc3 e6 4. h3 b6 5. Bf4 Bb7 6. e3 Be7 7. Nf3 d6 8. Bd3
Nbd7 9. O-O O-O 10. Bh2 Qe8 11. Nb5 Bd8 12. Bxd6 a6 13. Bxf8 axb5 14. Ba3 bxc4
15. Bxc4 Nd5 16. Rc1 Kh8 17. Bb5 g5 18. Ne5 N5f6 19. f3 h5 20. g4 hxg4 21. fxg4
fxg4 22. hxg4 Ra5 23. Nxd7 Rxb5 24. Nxf6 Bxf6 25. Rxf6 Kg7 26. Rf8 Qd7 27. Qf1
Rf5 28. gxf5 c5 29. fxe6 Qxe6 30. Qf7+ Qxf7 31. Rxf7+ Kxf7 32. dxc5 bxc5 33.
Bxc5 Ke6 34. a4 1-0

[Event "29.Schlosspark-Open"]
[Site "Wiesbaden-Biebrich"]
[Date "2017.08.27"]
[Round "6.77"]
[White "Bährle, Julius"]
[Black "Traut, Stefan"]
[Result "0-1"]
[WhiteElo "757"]
[BlackElo "1698"]
[PlyCount "54"]
[EventDate "2017.??.??"]
[WhiteTeam "FC Bierstadt"]
[BlackTeam "SF Heusenstamm"]

1. c4 b6 2. Nc3 Bb7 3. Nf3 Nf6 4. d3 g6 5. Ng5 Bg7 6. e4 d6 7. Be2 O-O 8. O-O
h6 9. Nf3 c5 10. Bd2 e6 11. Qc1 Kh7 12. Nh4 Nc6 13. h3 Re8 14. Re1 Qd7 15. Rb1
Rad8 16. Bf3 Ne5 17. Re3 g5 18. Nf5 exf5 19. exf5 Bxf3 20. gxf3 Qxf5 21. Kf1
Nxf3 22. Ke2 Nd4+ 23. Kd1 Rxe3 24. Bxe3 Qxd3+ 25. Bd2 Re8 26. a4 Qf1+ 27. Be1
Qxe1# 0-1

[Event "29.Schlosspark-Open"]
[Site "Wiesbaden-Biebrich"]
[Date "2017.08.27"]
[Round "6.78"]
[White "Goodwin, David"]
[Black "Björknes, Uwe"]
[Result "0-1"]
[WhiteElo "1518"]
[BlackElo "1678"]
[PlyCount "60"]
[EventDate "2017.??.??"]
[WhiteTeam "SV Kelsterbach"]
[BlackTeam "SK Bad Homburg"]

1. Nf3 d5 2. g3 c5 3. Bg2 Nc6 4. d3 Bf5 5. O-O h6 6. Nbd2 Nf6 7. Re1 e6 8. e4
Bg4 9. exd5 Nxd5 10. h3 Bh5 11. c3 Be7 12. Qc2 O-O 13. Nc4 Bf6 14. Nce5 Qc7 15.
Nxc6 bxc6 16. Nd2 Rfd8 17. Ne4 Be7 18. a3 Bg6 19. c4 Nf6 20. Nxf6+ Bxf6 21. Be4
Bxe4 22. dxe4 Bd4 23. Qe2 Qxg3+ 24. Kf1 Qxh3+ 25. Kg1 Rab8 26. Rb1 Rb3 27. Be3
Be5 28. f3 Rdd3 29. Bxc5 Rxf3 30. Bf2 Qh2+ 0-1

[Event "29.Schlosspark-Open"]
[Site "Wiesbaden-Biebrich"]
[Date "2017.08.27"]
[Round "6.79"]
[White "Werner, Rosalie"]
[Black "Salecker, Phil"]
[Result "0-1"]
[WhiteElo "1373"]
[BlackElo "1673"]
[PlyCount "104"]
[EventDate "2017.??.??"]
[WhiteTeam "VSG Offenbach"]
[BlackTeam "SC FK Babenhausen"]

1. e4 Nf6 2. e5 Nd5 3. d4 d6 4. c4 Nb6 5. Nf3 e6 6. Be2 Be7 7. Nc3 dxe5 8. dxe5
Qxd1+ 9. Nxd1 O-O 10. O-O Nc6 11. Nc3 a6 12. Be3 Nd7 13. Bf4 b6 14. a3 Bb7 15.
Rad1 Rfd8 16. Rd2 Nc5 17. Rfd1 Rxd2 18. Rxd2 Rd8 19. Rxd8+ Bxd8 20. b4 Nd7 21.
h3 Ne7 22. Nd1 Ng6 23. Bg3 Bxf3 24. Bxf3 Ngxe5 25. Be2 Be7 26. f4 Ng6 27. Ne3
Bd6 28. c5 bxc5 29. bxc5 Bxc5 30. Kf2 Bxa3 31. Bxa6 Nc5 32. Be2 Ne4+ 33. Kf3
Nxg3 34. Kxg3 Bd6 35. Kf2 Nxf4 36. Bf3 Bc5 37. Be4 Nd5 38. Bxd5 exd5 39. Ke2
Bxe3 40. Kxe3 c5 41. Kf4 f6 42. Ke3 Kf7 43. g4 Ke6 44. h4 Ke5 45. h5 d4+ 46.
Kf3 c4 47. Ke2 Ke4 48. Kd2 Kf3 49. Kd1 c3 50. Kc1 Ke2 51. Kc2 d3+ 52. Kxc3 d2
0-1

[Event "29.Schlosspark-Open"]
[Site "Wiesbaden-Biebrich"]
[Date "2017.08.27"]
[Round "6.80"]
[White "Raima, Jan"]
[Black "Rupp, Arnim"]
[Result "0-1"]
[WhiteElo "774"]
[BlackElo "1704"]
[PlyCount "52"]
[EventDate "2017.??.??"]
[WhiteTeam "FC Bierstadt"]
[BlackTeam "SC Eschborn"]

1. b4 e5 2. a3 Nf6 3. Bb2 d6 4. g3 a6 5. Bg2 c6 6. d3 g6 7. h3 Bg7 8. Nd2 O-O
9. Ngf3 Be6 10. Nb1 Qd7 11. Ng5 Bd5 12. Nf3 Re8 13. e4 Be6 14. Ng5 a5 15. bxa5
Rxa5 16. Bc3 Ra7 17. Nd2 Bh6 18. Ngf3 Na6 19. Bb2 Nc7 20. g4 Bg7 21. Nb3 Rea8
22. Nbd2 Nb5 23. Nc4 Bxc4 24. dxc4 Nxa3 25. Bxa3 Rxa3 26. Qc1 Rxa1 0-1

[Event "29.Schlosspark-Open"]
[Site "Wiesbaden-Biebrich"]
[Date "2017.08.27"]
[Round "6.81"]
[White "Michels, Fabio"]
[Black "Wüst, Carolin"]
[Result "1-0"]
[WhiteElo "1695"]
[BlackElo "1566"]
[PlyCount "77"]
[EventDate "2017.??.??"]
[WhiteTeam "SG Mörsdorf-Lahr"]
[BlackTeam "PTSV SK Hof"]

1. c4 g6 2. g3 Bg7 3. Bg2 Nf6 4. Nc3 O-O 5. e4 e5 6. Nge2 c5 7. O-O d6 8. h3
Nc6 9. d3 h6 10. f4 exf4 11. Bxf4 a6 12. Rb1 g5 13. Bd2 Ne8 14. g4 Nd4 15. Nd5
Be6 16. Be3 Bxd5 17. exd5 Nxe2+ 18. Qxe2 Nf6 19. Rbe1 Qe7 20. Qd2 Qd7 21. Rf5
Rae8 22. Ref1 Qd8 23. b3 b5 24. Kh1 Qe7 25. Re1 Qd8 26. Ref1 Qe7 27. R5f3 Bh8
28. d4 Ne4 29. Qd3 cxd4 30. Bxd4 Bxd4 31. Qxd4 Nc5 32. Qf6 Qxf6 33. Rxf6 Kg7
34. Rxd6 Re2 35. Rc6 Nd3 36. Rxa6 Nf4 37. Bf3 Rc2 38. cxb5 Rfc8 39. Rc6 1-0